书目信息 |
| 题名: |
谈美小札
|
|
| 作者: | 李燕杰 编 | |
| 分册: | ||
| 出版信息: | 杭州 浙江人民出版社 1982 |
|
| 页数: | 208页 | |
| 开本: | 18cm | |
| 丛书名: | ||
| 单 册: | ||
| 中图分类: | B834.3 | |
| 科图分类: | ||
| 主题词: | 社会生活美 | |
| 电子资源: | ||
| ISBN: | ||
| 000 | 00662nam0 2200241 45 | |
| 001 | 0182006028 | |
| 005 | 20070730093559.34 | |
| 010 | @dCNY0.50 | |
| 091 | @a7103.1234 | |
| 100 | @a19950525d1982 em y0chiy0121 ea | |
| 101 | 0 | @achi |
| 102 | @aCN@b330000 | |
| 105 | @ay z 000yd | |
| 200 | 10 | @a谈美小札@Atan mei xiao zha@e先进模范人物谈美@f李燕杰编 |
| 210 | @a杭州@c浙江人民出版社@d1982 | |
| 215 | @a208页@d18cm | |
| 517 | 1 | @a先进模范人物谈美@Axian jin mo fan ren wu tan mei |
| 606 | @a社会生活美 | |
| 690 | @aB834.3@v3 | |
| 701 | 0 | @a李燕杰@Ali yan jie@4编 |
| 801 | 0 | @aCN@bTSSF@c20070730 |
| 801 | 2 | @aCN@bNLC@c20060705 |
| 905 | @a10447@dB834.3@e197 | |
| 谈美小札:先进模范人物谈美/李燕杰编.-杭州:浙江人民出版社,1982 |
| 208页;18cm |
| ISBN :CNY0.50 |
| ● |
| 相关链接 |
|
|
|
|
正题名:谈美小札
索取号:B834.3/197
 
预约/预借
| 序号 | 登录号 | 条形码 | 馆藏地/架位号 | 状态 | 备注 |
| 1 | 0421598 | 204215982 | 密集书库/ [索取号:B834.3/197] | 在馆 | |
| 2 | 0786926 | 207869261 | 密集书库/ [索取号:B834.3/197] | 在馆 |